Statistics for Groups of 3 in Harry Potter

Click here to take the quiz!

General Stats

  • This quiz has been taken 289 times
    (277 since last reset)
  • The average score is 24 of 30

Answer Stats

CategoryAnswer% Correct
Main TrioHarry Potter
100%
Hermione Granger
100%
Ron Weasley
100%
Dumbledore SiblingsAlbus Dumbledore
99%
Albus Severus Potter
98%
Golden Snitch
97%
Deathly HallowsElder Wand
95%
Cloak of Invisibility
94%
Triwizard Tournament SchoolsHogwarts
94%
Ariana Dumbledore
90%
Unforgivible CursesCrucio
90%
Potter ChildrenJames Sirius Potter
90%
Resurrection Stone
90%
Avada Kedavra
89%
Lily Luna Potter
89%
Aberforth Dumbledore
87%
Imperio
86%
Quidditch BallsQuaffle
86%
Bludger
84%
Durmstrang
84%
Beauxbatons
83%
OWL Passing GradesOutstanding
62%
Ignotus Peverell
61%
Troll
59%
Cadmus Peverell
56%
Three BrothersAntioch Peverell
52%
Exceeds Expectations
52%
Acceptable
49%
Dreadful
40%
OWL Failing GradesPoor
40%

Score Distribution

Percentile by Number Answered

Percent of People with Each Score

Your Score History

You have not taken this quiz since the last reset